000 00304nam a2200121Ia 4500
008 190216s9999||||xx |||||||||||||| ||und||
100 _aLloyd E Malm
245 0 _aChemistry Experimental Science
260 _bW H Freeman And Company
_c1964
300 _a137p
650 _aChemistry-Chemistry
942 _cBK
999 _c1960
_d1960